00651nam a22002177a 450000500170000000800410001702000180005804000210007604100080009708200130010510000260011824501130014425000120025726000330026930000100030265000220031265000280033465000180036270000250038070000280040520201120104214.0201120b ||||| |||| 00| 0 eng d a9788194692416 aIN-DiNCcIN-DiNC dasm a327bGOH aGohain, Nabineauthor aAntarashtriya samparka aru bishwa itihasar prekshapatsamuh/cby Nabin Gohain, Pankaj Bora and Pranjit Saikia a1st ed. aJorhat:bBidya bhawan,c2020 a374p. aPolitical science aInternational relations aWorld history aBora, Pankajeauthor aSaikia, Pranjiteauthor